[Event "Reykjavik zt"]
[Site "Reykjavik"]
[Date "1995.??.??"]
[Round "8"]
[White "Olafsson, Helgi"]
[Black "Hansen, Lars Bo"]
[Result "1-0"]
[WhiteElo "2520"]
[BlackElo "2580"]
[Annotator "Ftacnik,L"]
[PlyCount "89"]
[EventDate "1995.03.??"]
[EventType "swiss"]
[EventRounds "11"]
[EventCountry "ISL"]
[SourceTitle "CBM 047"]
[Source "ChessBase"]
[SourceDate "1995.08.01"]
[SourceVersion "1"]
[SourceVersionDate "1995.08.01"]
[SourceQuality "1"]

1. c4 {Baburin} c5 2. Nf3 Nf6 3. Nc3 e6 4. g3 Nc6 5. Bg2 d5 6. cxd5 Nxd5 7. O-O
Be7 8. d4 O-O 9. e4 Nxc3 10. bxc3 cxd4 11. cxd4 Bf6 12. Bb2 (12. Be3 b6 13. Qa4
Bd7 14. Qa3 Rc8 15. Rac1 Na5 16. Qd3 Bc6 17. Rfd1 Qd7 18. d5 exd5 19. exd5 Bb5
20. Qb1 Rxc1 21. Rxc1 Bc4 22. Rd1 Qa4 23. Ng5 g6 24. Ne4 {Portisch,L-Huebner,R/
Abano Terme (m/4)/1980/0.5 (48)}) (12. Ba3 Re8 13. Re1 Qa5 14. Bd6 Qd8 15. Bc5
b6 16. e5 Be7 17. Bxe7 Rxe7 18. Ng5 Bb7 19. Bxc6 {Gavrikov,V-Tukmakov,V/URS/
1979/1-0 (19)}) 12... b6 13. Rb1 Na5 (13... Bb7 14. d5 exd5 15. exd5 Na5 16.
Ne5 Bxe5 17. Bxe5 Rc8 18. Rc1 Qd7 19. Bc3 Ba6 20. Re1 Nb7 21. Qd4 f6 22. Bb4
Rxc1 23. Rxc1 Rc8 24. Rxc8+ {Christiansen,L-Portisch,L/Linares/1981/1-0 (31)})
14. Bc3 Ba6 15. Re1 Qd7 (15... Nb7 16. Qa4) 16. Bxa5 $1 bxa5 {Baburin:White
has doubled black's pawns on the a-file, the pawns are not weak they are
simply not valuable. White has an extra pawn in the centre. The game proves
that the idea Bxa5 was sound.} 17. Bf1 Bxf1 (17... Bb7 18. Qd2 $14) 18. Kxf1
Rfd8 19. Re3 Rab8 (19... Bxd4 20. Rd3 e5 21. Nxe5 Qh3+ 22. Kg1 Bxf2+ $5 (22...
Bb6 23. Nd7 $16) 23. Kxf2 Qxh2+ 24. Kf3 Rxd3+ 25. Nxd3 Qxa2 $14) 20. Rxb8 Rxb8
21. Rd3 Rb4 (21... Rb2 22. Rd2 (22. a3 Qb5 23. Kg2) 22... Qb5+ 23. Kg2 Rb1 24.
Qe2 $14) 22. a3 Rb2 23. d5 Qb5 (23... exd5 24. exd5 $14) 24. Kg2 (24. dxe6 $2
Rb1 $19) 24... Qb6 25. Rd2 exd5 26. exd5 Rxd2 27. Qxd2 a4 (27... Be7 28. a4 $16
) 28. Qc2 Be7 (28... Qb7 29. Qxa4 Qxd5 $4 30. Qe8#) 29. Qxa4 Bf8 30. Qd7 Bxa3
31. Ne5 h6 (31... Qf6 32. Qe8+ Bf8 33. d6 $1 Qxd6 34. Qxf7+ Kh8 35. Nd7 $18)
32. Qxf7+ Kh8 (32... Kh7 33. Qf5+ Kh8 34. Nc4 Qc5 35. Nxa3 Qxa3 36. Qc8+ Kh7
37. Qc6 $16) 33. h4 Qf6 (33... a5 34. Nc4 Qc5 35. d6 $18) 34. Qe8+ Kh7 35. Nf7
Qe7 (35... a5 36. h5 g5 37. hxg6+ Kxg6 38. Qg8+ Kf5 39. Qh7+ Qg6 40. Nxh6+ $18)
36. Qxe7 Bxe7 37. d6 Bf6 38. d7 $18 a5 39. d8=Q Bxd8 40. Nxd8 a4 41. Nc6 Kg6
42. Kf3 Kf5 43. Nd4+ Ke5 44. Nb5 h5 45. Ke3 1-0

[Event "London WFW"]
[Site "London"]
[Date "1991.??.??"]
[Round "?"]
[White "Larsen, Bent"]
[Black "Wells, Peter K"]
[Result "1-0"]
[WhiteElo "2560"]
[BlackElo "2460"]
[Annotator "Ftacnik,L"]
[PlyCount "83"]
[EventDate "1991.05.??"]
[EventType "tourn"]
[EventRounds "13"]
[EventCountry "ENG"]
[EventCategory "11"]
[SourceTitle "CBM 024"]
[Source "ChessBase"]
[SourceDate "1991.10.01"]
[SourceVersion "1"]
[SourceVersionDate "1991.10.01"]
[SourceQuality "1"]

1. c4 c5 2. Nf3 Nc6 3. Nc3 Nf6 4. g3 e6 5. Bg2 d5 6. cxd5 Nxd5 7. O-O Be7 8.
Nxd5 exd5 9. d4 O-O 10. dxc5 Bxc5 11. Bg5 Qd7 $5 {N} (11... f6) (11... Qb6) 12.
Qd3 h6 13. Bd2 Rd8 14. Rfc1 Qe7 15. a3 (15. h3 d4 $10) 15... Bg4 (15... d4 16.
b4 Bb6 17. b5 Ne5 18. Nxe5 Qxe5 19. Bf4 $14) 16. h3 Bh5 17. Qb5 Bb6 18. a4 Bxf3
(18... Nd4 $2 19. Nxd4 Bxd4 20. e3 Bf6 21. Bxd5 $16) 19. Bxf3 Nd4 20. Qd3 Nxf3+
21. Qxf3 Rac8 $2 (21... Qe6 $1 22. a5 Bd4 $10) 22. Bxh6 $1 (22. Rxc8 Rxc8 23.
Bxh6 (23. Qg4 Rc4) 23... Rc2 $132 24. Qg4 Qf6) 22... Qe6 (22... gxh6 23. Rxc8
Rxc8 24. Qg4+ $18) (22... Rxc1+ 23. Bxc1 Rc8 24. Qd3 $16) 23. Bg5 Rxc1+ (23...
f6 24. Rxc8 Qxc8 25. Be3 Qxh3 26. Bxb6 axb6 27. Rc1 $16) 24. Rxc1 Re8 25. a5 $1
(25. e3 $2 f6 26. Bf4 g5 27. Bc7 Rc8 $19) 25... Bxa5 (25... Bd4 26. e3 Bxb2 27.
Rb1 Bc3 28. Rxb7 $16) 26. Be3 Qxh3 $6 (26... a6 27. h4 $14) 27. Qxd5 Rxe3 (
27... Bb6 28. Bxb6 axb6 29. Rc7 $16) 28. fxe3 Qxg3+ 29. Kf1 Qh3+ 30. Kf2 Qh4+ (
30... Bb6 31. Qf3 Qh4+ 32. Kf1 $16) 31. Kf1 Qh3+ 32. Qg2 Qxe3 (32... Qxg2+ 33.
Kxg2 Kf8 34. Rc8+ Ke7 35. Rb8 $18) 33. Rc8+ Kh7 34. Qg4 $1 (34. Qh2+ Kg6 35.
Rh8 Qc1+ $132) 34... Bb6 (34... Qh6 35. Qf5+ Qg6 36. Qxa5 $18) 35. Qf5+ g6 36.
Qxf7+ Kh6 37. Rh8+ Kg5 38. Qd5+ Kf6 (38... Kg4 39. Qg2+ Qg3 40. Qxg3+ Kxg3 41.
Rb8 $18) 39. Rf8+ Kg7 40. Qg8+ Kh6 41. Qh8+ Kg5 42. Qf6+ {Ftacnik,L} (42. Qf6+
Kh5 43. Rh8+ Kg4 44. Qh4+ Kf5 45. Rf8+ Ke6 46. Re8+ $18) 1-0

[Event "Yerevan"]
[Site "Yerevan"]
[Date "1996.??.??"]
[Round "6"]
[White "Gulko, Boris F"]
[Black "Vaganian, Rafael A"]
[Result "1-0"]
[WhiteElo "2615"]
[BlackElo "2615"]
[Annotator "Ftacnik,L"]
[PlyCount "59"]
[EventDate "1996.04.??"]
[EventType "tourn"]
[EventRounds "11"]
[EventCountry "ARM"]
[EventCategory "15"]
[SourceTitle "CBM 053"]
[Source "ChessBase"]
[SourceDate "1996.08.01"]
[SourceVersion "1"]
[SourceVersionDate "1996.08.01"]
[SourceQuality "1"]

1. c4 c5 2. Nf3 Nf6 3. Nc3 Nc6 4. g3 d5 5. d4 e6 6. cxd5 Nxd5 7. Bg2 Nxc3 (7...
cxd4 8. Nxd4 Nxc3 9. bxc3 Nxd4 10. Qxd4 Qxd4 (10... Be7 $10) 11. cxd4) (7...
Nb6 $5) 8. bxc3 cxd4 9. cxd4 Bb4+ 10. Bd2 Be7 (10... Bxd2+ 11. Qxd2 $14) 11.
Bc3 (11. O-O O-O (11... Nxd4 $2 12. Qa4+ Nc6 13. Ne5 Bd7 14. Bxc6 bxc6 15. Qa5)
12. Rb1 $5 (12. e3 $1) (12. Bc3 $1) 12... Nxd4 13. Nxd4 Qxd4 14. Qc2 Qc5 15.
Qxc5 (15. Qa4 Bd7 16. Qxd7 Rad8 $10) (15. Qe4 Qa3 16. Qc2 Qc5 $10) 15... Bxc5 {
1/2-1/2 Petrosian,T-Spassky,B (06)/Wch26-Moscow/1966}) 11... O-O 12. O-O Bd7 (
12... b6 $2 13. Ne5) 13. Qd2 Rc8 14. e4 Bf6 (14... Qb6 15. Rab1 $14) 15. Rac1
Qb6 16. d5 Bxc3 17. Rxc3 exd5 (17... Na5 18. Ne5 $14) 18. exd5 Nb8 19. Rb3 Qa6
(19... Qc7 20. d6 Qc2 21. Qxc2 Rxc2 22. Rxb7 $16) 20. Re1 Ba4 $6 (20... Rfe8
21. Ne5 Qd6 $1 22. Rbe3 b5 $14) 21. Ra3 b5 (21... Rfe8 22. Rxe8+ Rxe8 23. Qf4
b5 24. Re3 $16) 22. Nd4 Rce8 23. Rxe8 Rxe8 24. Re3 $1 Rf8 (24... Rxe3 25. Qxe3
Kf8 26. Nc6 $18) (24... Rd8 25. Nc6 Nxc6 26. dxc6 Qc8 27. Bd5 $16) 25. Nc6 Qb6
(25... Nxc6 26. dxc6 b4 27. c7 Qc4 28. Re7 Qc3 29. Qxc3 bxc3 30. Bh3 c2 31. Re1
$18) 26. Qb4 Nxc6 (26... g6 27. Ne7+ Kg7 28. d6 $16) 27. dxc6 a5 28. Qe7 b4 (
28... Bc2 29. c7 Bf5 30. Re5 Bc8 31. Rd5 Qe6 32. Qxe6 Bxe6 33. Rxb5 $18) 29. c7
Qa6 (29... Bc2 30. Qxf8+) 30. Bh3 (30. Bh3 f5 31. Bxf5 Rxf5 32. Rd3 h6 33. Rd8+
Kh7 34. c8=Q $18) 1-0

[Event "Olympiad-43"]
[Site "Batumi"]
[Date "2018.09.27"]
[Round "4.1"]
[White "Mamedyarov, Shakhriyar"]
[Black "Adams, Michael"]
[Result "1-0"]
[WhiteElo "2820"]
[BlackElo "2712"]
[Annotator "Ganguly, Surya Sekhar "]
[PlyCount "73"]
[EventDate "2018.09.24"]
[EventType "team-swiss"]
[EventRounds "11"]
[EventCountry "GEO"]
[SourceTitle "CBM 187"]
[Source "ChessBase"]
[SourceDate "2018.12.11"]
[SourceVersion "1"]
[SourceVersionDate "2018.12.11"]
[SourceQuality "1"]
[WhiteTeam "Azerbaijan"]
[BlackTeam "England"]
[WhiteTeamCountry "AZE"]
[BlackTeamCountry "ENG"]

1. d4 Nf6 2. c4 e6 3. Nf3 d5 4. Nc3 c5 5. cxd5 Nxd5 6. e4 Nxc3 7. bxc3 cxd4 8.
cxd4 Bb4+ 9. Bd2 Bxd2+ 10. Qxd2 O-O 11. Bc4 Nd7 12. O-O b6 13. Rad1 Bb7 14.
Rfe1 Rc8 15. Bb3 {A well-known position of the Semi Tarrasch System. Black has
tried different kinds of move orders here and White has also tried a number of
different plans. Theory has become pretty vast in this simple looking position.
} h6 {Started by Kramnik at the top level somewhere in 2015} (15... Re8 {
has picked up popularity recently.} 16. h3 Nf6 {was seen twice in the Berlin
Candidates and one of the games was Mamedyarov - Ding where Black played a
nice game and won.}) 16. h3 Re8 {Surprisingly there are not that many games
from this position.} 17. Re3 Qf6 {A typical move in this line after White
plays Re3. Black now immediately wants to get his queen to f4 thus not letting
White transfer his rook so easily to kingside.} (17... Nf6 18. Qe2 Rc7 {
is also doing okay for Black}) 18. Qe2 Qf4 19. g3 Qc7 {The point. Now that g3
has been played Black doesn't have to bother about any future Rg3 ideas.} 20.
d5 {Basically after committing with g3 White had only one play at his disposal.
} exd5 21. exd5 Rxe3 22. Qxe3 Qc5 ({My computer suggests the 'inhuman'...} 
22... Rf8 {[%csl Gf7] It does make sense. Black's main problem is the f7-pawn
and now it is secured. It would be immensely difficult to find such a move
during a game. It would have been much easier to play the same move if the
black rook was on a8 instead of c8 :)}) 23. Qf4 {[%csl Rf7]} Qc3 (23... Nf6)
24. Nd4 $36 {Slowly White is building up pressure in the centre.} Re8 25. d6 {
Keeps control} (25. Nb5 {White could have won a pawn this way} Re1+ (25... Qe5
26. Qxe5 Nxe5 27. Nxa7) (25... Qf6 26. Qxf6 Nxf6 27. Nxa7) 26. Kh2 Qxb3 27.
axb3 (27. Rxe1 $4 Qxd5 $19) 27... Rxd1 28. Nc3 Rd3 29. Qc7 Nf8 30. Qxb7 Rxc3
31. Qxa7 Rxb3 {It could easily be possible that Mamedyarov simply didn't want
to get here and didn't bother to spend time on assessing if this is a fortress
or not.}) 25... Nf6 {[%cal Ge8e1]} (25... Re1+ 26. Kh2 Qxb3 27. Rxe1 $1 $18)
26. Kh2 $1 Qb2 (26... Be4 $142 {[%cal Ge4g6]}) 27. Nc2 (27. d7 $1 {A move that
Mamedyarov played after repeating once}) 27... Qc3 (27... Bc6 {is an
additional option now.}) 28. Nd4 Qb2 29. d7 $1 Rd8 30. Nf5 Be4 {All White's
pieces look very nicely placed with a pawn on d7. Still it is not clear how to
progress further. Mamedyarov finds a very nice manoeuvre to improve his
apparently nicely placed knight on f5.} 31. Nd6 $1 {[%csl Rf7]} Bg6 32. Nc4 $1
{[%cal Gc4b2,Gc4e5]} Qe2 33. Ne5 {Now its all over.} Kh7 34. g4 {Black is
completely restricted. The rest is simple.} b5 35. Qe3 Qb2 36. Kg1 b4 37. Nxg6
1-0

[Event "Olympiad-43"]
[Site "Batumi"]
[Date "2018.09.30"]
[Round "6.1"]
[White "Mamedyarov, Shakhriyar"]
[Black "Navara, David"]
[Result "1-0"]
[WhiteElo "2820"]
[BlackElo "2740"]
[Annotator "Ganguly, Surya Sekhar "]
[PlyCount "81"]
[EventDate "2018.09.24"]
[EventType "team-swiss"]
[EventRounds "11"]
[EventCountry "GEO"]
[SourceTitle "CBM 187"]
[Source "ChessBase"]
[SourceDate "2018.12.11"]
[SourceVersion "1"]
[SourceVersionDate "2018.12.11"]
[SourceQuality "1"]
[WhiteTeam "Azerbaijan"]
[BlackTeam "Czech Republic"]
[WhiteTeamCountry "AZE"]
[BlackTeamCountry "CZE"]

1. d4 Nf6 2. Nf3 d5 3. c4 e6 4. Nc3 c5 {Once again Mamedyarov is facing the
same line which Adams played against him on 3rd round.} 5. cxd5 Nxd5 6. e4 Nxc3
7. bxc3 cxd4 8. cxd4 Bb4+ 9. Bd2 Bxd2+ 10. Qxd2 O-O {The main tabiya of this
line. In 2015 Mamedyarov played a fine game and defeated Kramnik. Since then
he didn't face this line at the top level until Ding Liren beat him in the
Berlin Candidates.} 11. Bc4 Nd7 12. O-O b6 13. Rad1 Bb7 14. Rfe1 Rc8 15. Bb3
Re8 {Adams started with h6 here but it eventually transposed after h3-Re8} 16.
h3 h6 (16... Nf6 {was started by Kramnik and then Ding used this to beat
Mamedyarov in Candidates.} 17. Qf4 Nh5 18. Qh2 h6 19. Ne5 Nf6 20. Qf4 b5 $1
$132 {0-1 (43) Mamedyarov,S (2809)-Ding,L (2769) Berlin 2018 Mega2018 Update
23 [Ding Liren] Black was fine.}) 17. Qf4 {Both players were making their
moves instantly following the Mamedyarov - Adams game from round 3. Now
finally Mamedyarov deviates by Qf4 which was also played instantly.} (17. Re3 {
was the Adams game}) 17... Qc7 (17... Qf6 {is also equally doable and it's a
matter of taste where Black would like to put his queen.}) 18. e5 {The
computer's top choice is 18.Qc7 but of course this will lead nowhere and
practically it would be much easier for Black to play once the queens are off.}
Nf8 {After 15min of thought. It is always difficult to make a choice when
different options are available and all of them are of similar strength. Right
here Black had at least three decent options... 1. Keeping the knight on d7
flexible and advancing the queenside pawns with a5-b5.  2. Playing Nf6-Nd5
immediately  3. To play Nf8-Ng6 as happened in the game.  All of these moves
are equally good and once again it's a matter of taste how one will play.} (
18... Nf6 $5 {[%cal Gf6d5]} 19. Rc1 Qb8 20. Rxc8 Rxc8 21. Nd2 a5 22. Qh4 {
Almost every knight retreat is possible and keeps the balance.}) (18... a5 $5 {
I like this. For now, Black simply keeps the d7-knight flexible and starts
advancing on the queenside which is a very typical idea in this line.} 19. d5 (
19. Ba4 Red8) (19. Qg4 Bxf3 20. Qxf3 b5 21. a3 Nb6 {the advantage of keeping
the knight flexible!}) 19... Bxd5 20. Bxd5 exd5 21. Rxd5 Nc5 {Once again the
knight on d7 came in handy}) 19. Nd2 Ng6 20. Qg4 b5 {Natural follow-up} 21. Ne4
Bxe4 $8 22. Qxe4 a5 $5 (22... Ne7 {This was quite a simple solution. Bringing
the knight back to e7 from where it not only controls d5 but also ready to
meet Re3-Rg3 with Nf5.} 23. Re2 (23. Re3 Red8 {There is no attack on the
kingside so Black can focus on the centre}) (23. d5 Nxd5 24. Bxd5 exd5 25. Rxd5
Qc4 $11) 23... Red8 24. Rc2 (24. Bc2 g6) 24... Qd7 $11) 23. d5 exd5 24. Rxd5 a4
25. Bd1 {With the bishop on d1 it is hard to imagine that White can hope for
any advantage.} Qb7 $6 {Now White gets to activate his bishop and finally can
hope to get a slight edge.} (25... Rcd8 $1 {A little tactical solution was
available to liquidate further.} 26. Rxb5 Nxe5 27. Rf1 Nc4 $1 28. Qc2 {or else
White loses!} Re7 $132 {Black is active enough to hold the balance here.}) 26.
Bf3 Ne7 27. Rd6 Qxe4 28. Bxe4 {With pawns on both wings and having an active
bishop on e4 White is definitely psychologically feeling better to have
reached this position from what he had a few moves back.} Ng6 $2 {An immediate
mistake based on miscalculation.} (28... Rb8 $14 {It would have been wiser to
try and exchange queenside pawns somehow and then play Ng6 at the right moment
to get into some sort of pawn down drawish rook & pawn endgame.}) 29. e6 $1 {
Not that this move was missed, rather it was expected and Navara played his
next move instantly....} Nf4 30. exf7+ Kxf7 31. g3 $1 {This is the move which
was missed or perhaps somehow Navara thought it won’t work due to Rc4 but
then White has the cool f3 which is the only move but sufficient to win the
game.} Ke7 (31... Nxh3+ 32. Kg2 {[%cal Ge4g6]}) (31... Rc4 32. f3 $1 {
Otherwise White is in trouble!} Nxh3+ 33. Kg2 {[%cal Ge4g6]}) 32. Rd2 Ne6 33.
Rd5 $1 {Mamedyarov now starts playing with utmost precision.} b4 34. f4 b3 $6 (
34... Kf6 35. Rf5+) (34... Red8 35. Rb5 b3 36. axb3 axb3 37. Rxb3 {would have
been the lesser evil although it won’t be fun to defend this position either.
}) 35. axb3 axb3 36. Bg6 $1 Rf8 (36... Red8 37. Rxd8 Rxd8 38. f5 $18) 37. f5
Rf6 38. Rxe6+ (38. Rb5 $18) 38... Rxe6 39. fxe6 b2 $2 {Expedites things} (39...
Rb8 40. Kf2 Kxe6 {White will win eventually just that it would take longer now.
}) 40. Rb5 Kf6 41. Bh7 1-0

[Event "FRA-chT1"]
[Site "France"]
[Date "2002.02.01"]
[Round "1.2"]
[White "Glek, Igor Vladimirovich"]
[Black "Kallai, Gabor"]
[Result "1-0"]
[WhiteElo "2601"]
[BlackElo "2549"]
[Annotator "Glek,I"]
[PlyCount "103"]
[EventDate "2002.02.??"]
[EventType "team"]
[EventRounds "11"]
[EventCountry "FRA"]
[SourceTitle "EXT 2003"]
[Source "ChessBase"]
[SourceDate "2002.11.25"]
[SourceVersion "1"]
[SourceVersionDate "2002.11.25"]
[SourceQuality "1"]
[WhiteTeam "Vandoeuvre"]
[BlackTeam "Strasbourg"]
[WhiteTeamCountry "FRA"]
[BlackTeamCountry "FRA"]

1. e4 c6 2. c4 d5 3. exd5 cxd5 4. cxd5 Nf6 5. Nc3 Nxd5 6. Nf3 e6 7. Bc4 Be7 8.
O-O O-O 9. Re1 Nc6 10. d4 a6 11. Bb3 Qd6 (11... b5) (11... Nxc3) 12. Nxd5 exd5
13. Ne5 Be6 14. Bf4 Nxe5 15. dxe5 (15. Bxe5 $14) 15... Qb6 16. Be3 Bc5 17. Bxc5
Qxc5 18. Rc1 Qb6 19. Rc2 Rac8 20. Rd2 Rc5 21. h3 h6 22. Kh2 Rfc8 23. Qf3 Qb4
24. Qe3 (24. Red1 Qe4 $5) 24... a5 25. Rd4 Qb6 26. Qd2 (26. f4 Rc1 $1) 26...
Qc7 27. f4 b5 28. Re3 a4 (28... Rd8 $142) 29. Bxd5 Rc2 30. Qd1 Qb6 31. Be4 $5 (
31. Bxe6 Qxe6 32. Re2 $16) 31... Rc1 (31... Rxb2 32. Rd6 Qa5 33. Red3 Rf8 (
33... g6 34. Bxg6) 34. Rd8 g6 35. f5 (35. Rxf8+ Kxf8 36. Rd8+ Kg7 37. Qd6 Qb4
38. Qb8 Rxg2+ 39. Bxg2 Qxf4+ $11) 35... Qc7 (35... gxf5 36. Rg3+) 36. fxg6 Rxd8
37. Rxd8+ Kg7 38. Rd6 $16) 32. Qd2 Bxa2 33. Rd6 Qc7 34. Red3 (34. Rd7 $5 Qb6
35. Qd6 Qxd6 36. exd6 Be6 37. Re7 g6 (37... Rd8 38. f5 Bc8 39. Bd5 Kh7 40. Rxf7
$18)) 34... g6 35. f5 (35. Bxg6 $1 Qc5 36. Bf5 Qg1+ 37. Kg3 R1c2 (37... R8c2
38. Kh4 $1 $18) 38. Rd8+ Kg7 39. Kh4 $1 $18) 35... Qe7 (35... Qc5 $142 36. Rd8+
(36. Qxh6 Qxe5+ 37. g3 R8c2+ 38. Rd2 Qxd6 39. Bxc2 Bd5 40. Bd1 $16) 36... Rxd8
37. Rxd8+ Kh7 (37... Kg7 38. f6+ Kh7 39. Rh8+ Kxh8 40. Qxh6+ Kg8 41. Qg7#) 38.
fxg6+ Kg7 (38... fxg6 39. Qd7+) 39. gxf7 (39. Bd5 Bxd5 40. Rxd5 Rc2 (40... Qg1+
41. Kg3 Qe1+ 42. Qxe1 Rxe1 43. gxf7 b4 44. Ra5 $18) 41. Rxc5 Rxd2 42. gxf7 Kxf7
43. Rxb5 $18) 39... Bxf7 40. Rd3 Qg1+ 41. Kg3 Qe1+ 42. Qxe1 Rxe1 43. Rd4 $16)
36. Rd8+ (36. e6 $18) 36... Kh7 37. fxg6+ Kg7 38. gxf7 Rxd8 (38... Qxe5+ 39.
Rg3+) 39. Rg3+ Kxf7 40. Qf4+ Ke8 41. Bg6+ Bf7 (41... Kd7 $142 42. Rd3+ Kc7 43.
Qxc1+ Bc4 44. Re3 $16 (44. Qc3 Rxd3 45. Bxd3 Qc5 $16) 44... Qg5 45. Bc2) 42.
Bxf7+ Qxf7 43. Qxc1 $18 Qd5 44. Qc7 Rd7 45. Qc8+ Rd8 46. Qf5 Qf7 47. Qe4 Rd5
48. Rg6 h5 49. Rf6 Qg8 50. Qf5 Ke7 51. Rg6 Qf7 52. Qg5+ 1-0

[Event "Sao Paulo zt 2.4"]
[Site "Sao Paulo"]
[Date "2003.09.27"]
[Round "9"]
[White "Teixeira, Ricardo da Silva"]
[Black "Mecking, Henrique"]
[Result "0-1"]
[WhiteElo "2338"]
[BlackElo "2556"]
[Annotator "Gofshtein,L"]
[PlyCount "96"]
[EventDate "2003.09.19"]
[EventType "tourn"]
[EventRounds "9"]
[EventCountry "BRA"]
[EventCategory "9"]
[SourceTitle "CBM 098"]
[Source "ChessBase"]
[SourceDate "2004.02.03"]
[SourceVersion "1"]
[SourceVersionDate "2004.02.03"]
[SourceQuality "1"]

1. Nf3 {[%mdl 4128]} Nf6 2. c4 e6 3. Nc3 d5 4. d4 c5 5. cxd5 Nxd5 6. e3 Nc6 7.
Bc4 cxd4 8. exd4 {The plans of the both sides became clear: white will try to
attack on the king side and black on the queen side and in the centre, to play
against the isolated pawn} Be7 9. O-O Nxc3 10. bxc3 O-O 11. Qe2 (11. Bd3 {
is another popular move}) 11... b6 12. Qe4 Bb7 13. Bd3 g6 14. Bh6 Re8 15. h4 (
15. Qg4 Bf6 16. Rfe1 Ne7 17. Bb5 Bc6 18. Bxc6 Nxc6 {was fine for black in
Kempinski, Robert - Gdanski, Jacek 2000}) 15... Rc8 (15... Bf8 $5 16. Bxf8 (16.
Bg5 {possibly better to avoid the exchange of pieces and try to keep the
bishops}) 16... Rxf8 17. h5 Na5 18. Qg4 Bxf3 19. Qxf3 Rc8 20. Rac1 Qg5 {
and black has taken over the initiative 0-1 Grivas,Efstratios-Kalesis,Nikolaos/
GRE-ch94 Glyfada (3) ;CBM 47 ext 1995 (40)}) 16. Qg4 Bf6 17. h5 ({If} 17. Bg5 {
in order not to let the black knight move to e7 is strongly met by} Na5 $1)
17... Ne7 18. Rac1 (18. Bb5 Bc6 19. Ba6 Ra8 20. Ne5 Qd5 21. Rfe1 {is
complicated}) 18... Nf5 19. Bf4 Bxf3 $1 {A nice exchange operation. After the
exchanges white's attack is over.} 20. Qxf3 Bg5 21. Rfe1 Bxf4 22. Qxf4 Qh4 23.
Qxh4 $6 {The endgame favours black} (23. Qf3 {White had to keep the queens on
the board, the position remains about equal}) 23... Nxh4 24. hxg6 hxg6 25. f3
Red8 26. Kf2 Nf5 27. Red1 Rd6 28. g4 ({Deserves serious attention} 28. Bxf5 $5
gxf5 29. Ke3 Rdc6 {although it also doesn't solve all white's problems, black
is still better}) 28... Ne7 29. Bf1 Kg7 30. g5 $2 {A losing move. This pawn is
lost} (30. Ba6 Rc7 31. c4 g5 {black is better although white has some
counterchances as well}) 30... Rd5 31. c4 ({It's impossible to protect the
pawn already} 31. f4 Rf5 $1 32. Bd3 (32. Ba6 Rc7 33. Kg3 Ra5 $19) 32... Rxf4+
33. Kg3 Nd5 {black is winning since white can't take advantage of the bad
placed black rook on f4}) 31... Rxg5 32. d5 $2 {losing another pawn, but
anyway black's position is winning} exd5 33. cxd5 Rxc1 34. Rxc1 Nxd5 {Now
black only has to regroup his pieces to a more comfortable places and the game
is over} 35. Rc8 Re5 36. Bc4 Ne3 37. Bb3 Re7 38. Rd8 Nf5 39. Bc4 Rc7 40. Bb3
Kf6 41. Rd5 Ng7 42. f4 Ne6 43. Kf3 Ke7 44. Kg4 Nc5 45. Bc2 Rd7 46. Re5+ Kf6 47.
Re2 Rd4 48. Kg3 Nd3 0-1